South Eastern Kenya University

Library Online Public Access Catalogue


Child development (Record no. 6375)

MARC details
000 -LEADER
fixed length control field 00388cam a22001454a 4500
020 ## - INTERNATIONAL STANDARD BOOK NUMBER
International Standard Book Number 0205355048 (alk. paper)
050 00 - LIBRARY OF CONGRESS CALL NUMBER
Classification number HQ 767.9
Item number .B46 2003
100 1# - MAIN ENTRY--PERSONAL NAME
Personal name Berk, Laura E.
245 10 - TITLE STATEMENT
Title Child development /
Statement of responsibility, etc. Laura E. Berk.
250 ## - EDITION STATEMENT
Edition statement 6th ed.
260 ## - PUBLICATION, DISTRIBUTION, ETC. (IMPRINT)
Place of publication, distribution, etc. Boston :
Name of publisher, distributor, etc. Allyn and Bacon,
Date of publication, distribution, etc. c2003.
300 ## - PHYSICAL DESCRIPTION
Extent 1 v. (various pagings) :
650 #0 - SUBJECT ADDED ENTRY--TOPICAL TERM
Topical term following geographic name as entry element Child development
942 ## - ADDED ENTRY ELEMENTS (KOHA)
Source of classification or shelving scheme Library of Congress Classification
Koha item type General circulation
Holdings
Withdrawn status Lost status Source of classification or shelving scheme Damaged status Not for loan Home library Current library Shelving location Date acquired Total Checkouts Full call number Barcode Date last seen Price effective from Koha item type Public note Date last checked out
    Library of Congress Classification     Wote Campus Library Wote Campus Library General Stacks 20/07/2015   HQ 767.9 .B46 2003 2015/003489 20/07/2015 20/07/2015 General circulation smo  
    Library of Congress Classification     Wote Campus Library Wote Campus Library   05/04/2017 1 HQ 767.9 .B46 2003 2016/011375 05/12/2018 05/04/2017 General circulation   24/11/2018
Kitui, Kenya.
+254736116989
library@seku.ac.ke